000 00178 a2200097 4500
020 _a0590264583
041 _aspa
100 _aCecilia Avalos
245 _aMi Abuela
942 _cBK
999 _c14978
_d14978